To know the sky: the life of Air Chief Marshal Sir Roderic Hill (Record no. 368180)

000 -LEADER
fixed length control field 00401cam a22001337a 4500
008 - FIXED-LENGTH DATA ELEMENTS--GENERAL INFORMATION
fixed length control field 180718b1962 xxu||||| |||| 00| 0 eng d
082 ## - DEWEY DECIMAL CLASSIFICATION NUMBER
Classification number A99 H555/H554
100 ## - MAIN ENTRY--PERSONAL NAME
Personal name Hill, Prudence
245 ## - TITLE STATEMENT
Title To know the sky: the life of Air Chief Marshal Sir Roderic Hill
Statement of responsibility, etc. by Prudence Hill
260 ## - PUBLICATION, DISTRIBUTION, ETC.
Place of publication, distribution, etc. London
Name of publisher, distributor, etc. William Kimber
Date of publication, distribution, etc. 1962
300 ## - PHYSICAL DESCRIPTION
Extent 256p.
500 ## - GENERAL NOTE
General note 30/-
650 ## - SUBJECT ADDED ENTRY--TOPICAL TERM
Topical term or geographic name entry element Hill, Sir Roderic, 1894-1954
Holdings
Withdrawn status Lost status Damaged status Not for loan Permanent Location Current Location Date acquired Full call number Barcode Date last seen Price effective from Koha item type
        Indian Institute of Public Administration Indian Institute of Public Administration 1994-05-19 A99 H555/H554 31441 2018-07-21 2018-07-21 Book

Powered by Koha